<?xml version="1.0" encoding="UTF-8"?>
<record
    xmlns:xsi="http://www.w3.org/2001/XMLSchema-instance"
    xsi:schemaLocation="http://www.loc.gov/MARC21/slim http://www.loc.gov/standards/marcxml/schema/MARC21slim.xsd"
    xmlns="http://www.loc.gov/MARC21/slim">

  <leader>     nam a22     7a 4500</leader>
  <datafield tag="999" ind1=" " ind2=" ">
    <subfield code="c">7231</subfield>
    <subfield code="d">7231</subfield>
  </datafield>
  <controlfield tag="003">OSt</controlfield>
  <controlfield tag="005">20190607143153.0</controlfield>
  <controlfield tag="008">190607e201904  spc||||| |||||0|| 0 spa|d</controlfield>
  <datafield tag="017" ind1=" " ind2=" ">
    <subfield code="a">DL. B10020-2019 </subfield>
    <subfield code="b">Biblioteca de Catalunya</subfield>
  </datafield>
  <datafield tag="020" ind1=" " ind2=" ">
    <subfield code="a">9788491804871</subfield>
  </datafield>
  <datafield tag="040" ind1=" " ind2=" ">
    <subfield code="a">ES-BaUOC</subfield>
    <subfield code="b">cat</subfield>
    <subfield code="c">CDMR</subfield>
  </datafield>
  <datafield tag="100" ind1="1" ind2=" ">
    <subfield code="a">Bernal Trivi&#xF1;o, Ana Isabel,</subfield>
  </datafield>
  <datafield tag="245" ind1="1" ind2="0">
    <subfield code="a">Hacia una comunicaci&#xF3;n feminista </subfield>
    <subfield code="b">: c&#xF3;mo informar e informarse sobre violencia machista /</subfield>
    <subfield code="c">Ana Bernal-Trivi&#xF1;o ; pr&#xF3;logo de Ana de Miguel ; prefacio de Ana Pardo de Vera</subfield>
  </datafield>
  <datafield tag="260" ind1=" " ind2=" ">
    <subfield code="a">Barcelona :</subfield>
    <subfield code="b">UOC,</subfield>
    <subfield code="c">2019</subfield>
  </datafield>
  <datafield tag="300" ind1=" " ind2=" ">
    <subfield code="a">206 p. ;</subfield>
    <subfield code="c">23 cm</subfield>
  </datafield>
  <datafield tag="504" ind1=" " ind2=" ">
    <subfield code="a">Bibliografia al final de cada cap&#xED;tol</subfield>
  </datafield>
  <datafield tag="650" ind1=" " ind2="7">
    <subfield code="a">Viol&#xE8;ncia envers les dones en els mitjans de comunicaci&#xF3; de massa</subfield>
    <subfield code="2">lemac</subfield>
  </datafield>
  <datafield tag="650" ind1=" " ind2="7">
    <subfield code="a">Sexisme en els mitjans de comunicaci&#xF3; de massa</subfield>
    <subfield code="x">Prevenci&#xF3;</subfield>
    <subfield code="2">lemac</subfield>
    <subfield code="9">3769</subfield>
  </datafield>
  <datafield tag="650" ind1=" " ind2="7">
    <subfield code="a">Mitjans de comunicaci&#xF3; de massa i dones</subfield>
    <subfield code="x">Difer&#xE8;ncies entre sexes</subfield>
    <subfield code="2">lemac</subfield>
    <subfield code="9">3818</subfield>
  </datafield>
  <datafield tag="700" ind1="1" ind2=" ">
    <subfield code="a">Miguel &#xC1;lvarez, Ana de,</subfield>
  </datafield>
  <datafield tag="700" ind1="1" ind2=" ">
    <subfield code="a">Pardo de Vera, Ana,</subfield>
  </datafield>
  <datafield tag="942" ind1=" " ind2=" ">
    <subfield code="c">MON</subfield>
  </datafield>
  <datafield tag="952" ind1=" " ind2=" ">
    <subfield code="0">0</subfield>
    <subfield code="1">0</subfield>
    <subfield code="4">0</subfield>
    <subfield code="7">0</subfield>
    <subfield code="a">CDMR</subfield>
    <subfield code="b">CDMR</subfield>
    <subfield code="d">2019-06-07</subfield>
    <subfield code="e">Intercanvi</subfield>
    <subfield code="g">21.00</subfield>
    <subfield code="l">9</subfield>
    <subfield code="m">4</subfield>
    <subfield code="o">Ci 1.1 /37</subfield>
    <subfield code="p">CDMR19060005</subfield>
    <subfield code="r">2020-12-03</subfield>
    <subfield code="s">2020-11-18</subfield>
    <subfield code="v">21.00</subfield>
    <subfield code="w">2019-06-07</subfield>
    <subfield code="y">MON</subfield>
  </datafield>
</record>
